00691nam a2200241 a 4500001001300000003000900013005001700022008004100039020001000080082001500090100002900105245003700134260003700171300000900208500003500217505001000252650002200262700002900284902000800313942000700321952010600328999001500434nice12345678IN_TiNIC20260116011732.0050524s1948 newa grp 000 0 eng  ac10000a253.5bBON aBonnell, John Sutherland aPsychology for Pastor and People aNew York bHarper and Row c1948 a225p aincludes index and biblioraphy2 aIndex aPastoral Theology1 aBonnell, John Sutherland bSRS cBK 00104070aHMIbHMId2007-07-10g100.00l1o253.5 BONp8622r2022-09-19s2022-09-12w2026-01-16yEB c3597d3597